000 00761nam a2200253 i 4500
001 C2-0332934
003 PPAK
005 20180728133050.0
008 150819s2015 my a|||| ||||| | eng d
020 _a9789670610832
040 _aPPAK
_beng
_cPPAK
_erda
082 0 4 _a138
_223
090 0 0 _a138
_bWEB
_dG
100 1 _aWebster, Richard,
_d1949-
_eauthor
245 1 0 _aFace reading quick & easy
264 1 _aPetaling Jaya, Selangor :
_bAdvantage Quest Sdn. Bhd. ,
_c2015
300 _a252 pages :
_billustrations ;
_c23 cm
336 _2rdacontent
_atext
337 _2rdamedia
_aunmediated
338 _2rdacarrier
_avolume
500 _aBibliography: pages 245-247 ; Includes index.
650 1 0 _aPhysiognomy. ; Fortune-telling.
942 _ddc
_cB
999 _c131557
_d131557